Normal view MARC view
  • PADULA DEREK

Entry Personal Name

Number of records used in: 1

001 - CONTROL NUMBER

  • control field: 7699

003 - CONTROL NUMBER IDENTIFIER

  • control field: OSt

005 - DATE AND TIME OF LATEST TRANSACTION

  • control field: 20230714134414.0

008 - FIXED-LENGTH DATA ELEMENTS

  • fixed length control field: 230714|| aca||aabn | a|a d

040 ## - CATALOGING SOURCE

  • Original cataloging agency: OSt
  • Transcribing agency: OSt

100 ## - HEADING--PERSONAL NAME

  • Personal name: PADULA DEREK

670 ## - SOURCE DATA FOUND

  • Source citation: Work cat.: (OSt)12375: PADULA DEREK, DRAGON BALL Z "IT'S OVER 9,000 WHEN WORLDVIEW'S COLLIDE

Powered by Koha